| 000 | 01555cam a2200349 a 4500 | ||
|---|---|---|---|
| 001 | EDZ0000063683 | ||
| 003 | StDuBDS | ||
| 005 | 20161031105209.0 | ||
| 006 | m||||||||d|||||||| | ||
| 007 | cr ||||||||||| | ||
| 008 | 120319s2003 cau fo| 001|0|eng|d | ||
| 020 |
_a9781452232430 (ebook) : _cNo price |
||
| 040 |
_aStDuBDS _beng _cStDuBDS _epn |
||
| 049 | _aAlfaisal Main Library | ||
| 050 | 0 |
_aHQ536 _b.S213 2003 |
|
| 082 | 0 | 4 |
_a306.850973 _223 |
| 100 | 1 | _aSabourin, Teresa Chandler. | |
| 245 | 1 | 4 |
_aThe contemporary American family _h[electronic resource] : _ba dialectical perspective on communication and relationships / _cTeresa Chandler Sabourin. |
| 260 |
_aThousand Oaks, Calif. ; _aLondon : _bSAGE, _cc2003. |
||
| 300 | _a1 online resource (xiii, 171 p.) | ||
| 520 | 8 | _aWritten to expand the definition of the contemporary American family to be more inclusive, this text approaches diversity as the norm and does not assume conventional family values. The theoretical position is the dialectical approach, which assumes paradox and relational tension as normal. | |
| 521 | _aSpecialized. | ||
| 588 | _aDescription based on print version record. | ||
| 504 | _aIncludes bibliographical references and index. | ||
| 650 | 0 |
_aFamilies _zUnited States. |
|
| 650 | 0 | _aChange (Psychology) | |
| 655 | 7 |
_aElectronic books. _2local |
|
| 710 | 2 | _aSage eBooks | |
| 776 | 0 | 8 |
_iPrint version : _z9780761924463 |
| 856 | 4 | 0 | _uhttp://ezproxy.alfaisal.edu/login?url=http://sk.sagepub.com/books/the-contemporary-american-family |
| 942 |
_2lcc _cEBOOKS |
||
| 999 |
_c481468 _d481468 |
||